000 01055nam a22002535i 4500
001 177250
003 ES-MaACL
005 20230906220304.0
008 110310s2004 sp ao |||| | spa d
020 _a84-95011-82-4
080 _a378(460.27 Alcalá de Henares)"15/17"
080 _a94(=1.417:460.27 Alcalá de Henares)"15/17"
100 1 _aRecio Morales, Óscar.
_9145538
245 1 0 _aIrlanda en Alcalá
_b: la comunidad irlandesa en la Universidad de Alcalá y su proyección europea, 1579-1785 /
_c[Óscar Recio Morales].
260 _a[Alcalá de Henares] :
_bFundación Colegio del Rey,
_cD. L. 2004.
300 _a264 p. :
_bil. bl. y n. ;
_c21 cm.
490 1 _aAlcalá Investigación Histórica ;
_v22
500 _aXXXIV Premios Ciudad de Alcalá 2003, investigación histórica.
610 2 4 _aUniversidad de Alcalá de Henares-
_yS.XVI-XVIII.
_9145539
650 4 _aIrlandeses-
_zAlcalá de Henares.
_9145540
830 0 _aAlcalá Investigación Histórica ;
_v22
_9224153
852 _aES-MaACL
_jE-14658
999 _c177250
_d177250